<?xml version="1.0" encoding="UTF-8"?>
<record
    xmlns:xsi="http://www.w3.org/2001/XMLSchema-instance"
    xsi:schemaLocation="http://www.loc.gov/MARC21/slim http://www.loc.gov/standards/marcxml/schema/MARC21slim.xsd"
    xmlns="http://www.loc.gov/MARC21/slim">

  <leader>01151nam a22002657a 4500</leader>
  <controlfield tag="001">9766</controlfield>
  <controlfield tag="003">FISKH</controlfield>
  <controlfield tag="005">20260212144137.0</controlfield>
  <controlfield tag="008">260212b        cb ||||| |||| 00| 0 eng d</controlfield>
  <datafield tag="020" ind1=" " ind2=" ">
    <subfield code="a">9780237518820</subfield>
  </datafield>
  <datafield tag="040" ind1=" " ind2=" ">
    <subfield code="a">FISKH</subfield>
    <subfield code="b">eng</subfield>
    <subfield code="c">FISKH</subfield>
    <subfield code="d">FISKH</subfield>
  </datafield>
  <datafield tag="082" ind1=" " ind2=" ">
    <subfield code="a">372.9</subfield>
  </datafield>
  <datafield tag="100" ind1=" " ind2=" ">
    <subfield code="a">Gardner , Faye</subfield>
  </datafield>
  <datafield tag="245" ind1=" " ind2=" ">
    <subfield code="a">School life in grandma's day / </subfield>
    <subfield code="c">By Faye Gardner with Anne Richardson </subfield>
  </datafield>
  <datafield tag="250" ind1=" " ind2=" ">
    <subfield code="a">First published in paperback in 1998</subfield>
  </datafield>
  <datafield tag="260" ind1=" " ind2=" ">
    <subfield code="a">London : </subfield>
    <subfield code="b">Evan Brothers Ltd , </subfield>
    <subfield code="c">1997 .</subfield>
  </datafield>
  <datafield tag="300" ind1=" " ind2=" ">
    <subfield code="a">30 pages : </subfield>
    <subfield code="b">color illustrations ; </subfield>
    <subfield code="c">25 cm . </subfield>
  </datafield>
  <datafield tag="490" ind1=" " ind2=" ">
    <subfield code="a">In Grandma&#x2019;s Day</subfield>
  </datafield>
  <datafield tag="520" ind1=" " ind2=" ">
    <subfield code="a">Each of the books in this series present 20th-century history for the very young through a personal account of a real life Grandma's experiences in the 1930s, 1940s and 1950s. Each story is a first-person narrative and this text covers school life in grandma's day.</subfield>
  </datafield>
  <datafield tag="650" ind1=" " ind2=" ">
    <subfield code="a">Education , Elementary-Great Britain- History-20th Century</subfield>
    <subfield code="v">Juvenile Literature </subfield>
  </datafield>
  <datafield tag="650" ind1=" " ind2=" ">
    <subfield code="a">Great Britain - Social Conditions - 20 th Century</subfield>
    <subfield code="v">Juvenile Literature </subfield>
  </datafield>
  <datafield tag="700" ind1=" " ind2=" ">
    <subfield code="a">Lafford , Stuart</subfield>
    <subfield code="e">Illustrator </subfield>
  </datafield>
  <datafield tag="942" ind1=" " ind2=" ">
    <subfield code="2">ddc</subfield>
    <subfield code="c">BK</subfield>
    <subfield code="n">0</subfield>
  </datafield>
  <datafield tag="999" ind1=" " ind2=" ">
    <subfield code="c">9766</subfield>
    <subfield code="d">9766</subfield>
  </datafield>
  <datafield tag="952" ind1=" " ind2=" ">
    <subfield code="0">0</subfield>
    <subfield code="1">0</subfield>
    <subfield code="2">ddc</subfield>
    <subfield code="4">0</subfield>
    <subfield code="7">0</subfield>
    <subfield code="8">NFIC</subfield>
    <subfield code="a">002</subfield>
    <subfield code="b">002</subfield>
    <subfield code="c">SNS</subfield>
    <subfield code="d">2026-02-12</subfield>
    <subfield code="l">0</subfield>
    <subfield code="o">GAR 372.9</subfield>
    <subfield code="p">FIS01588</subfield>
    <subfield code="r">2026-02-12 14:41:29</subfield>
    <subfield code="w">2026-02-12</subfield>
    <subfield code="y">BK</subfield>
  </datafield>
</record>
